White 2115 - Rockstar: Do Zachodu Słońca - Statystyki

Ogólne statystyki
  • Ten quiz został rozwiązany 198 razy
  • Średni wynik to 13 z 17
Statystyki odpowiedzi
Hint Odpowiedź % Poprawnych
5 Do Zachodu Słońca
91%
8 Mata Oh oh (lalala)
91%
1 Wschód (Intro)
89%
3 Morgan
87%
2 Papieros
84%
4 Szpaku Kap Kap
83%
14 Zachód (Outro)
83%
6 Felivers Johnny Knoxville
82%
9 Chivas i Mr. Polska David
80%
7 Porsche
74%
Bonus Track 2020
71%
10 Jesteśmy Tu
71%
Bonus Track Hel
66%
11 Krzyki Na Blokach
66%
13 Skrywam
59%
12 Białas Parę K
55%
Bonus Track Blacha OK
26%
Nie znaleziono quizów pasujących do podanych kryteriów
Rozkład punktacji
Procent ludzi z każdym wynikiem
Percentyl według liczby udzielonych odpowiedzi
Twoja historia wyników
Nie rozwiązałeś tego quizu